<?xml version="1.0" encoding="UTF-8"?><?xml-stylesheet type="text/xsl" href="static/style.xsl"?><OAI-PMH xmlns="http://www.openarchives.org/OAI/2.0/" xmlns:xsi="http://www.w3.org/2001/XMLSchema-instance" xsi:schemaLocation="http://www.openarchives.org/OAI/2.0/ http://www.openarchives.org/OAI/2.0/OAI-PMH.xsd"><responseDate>2026-06-01T04:20:49Z</responseDate><request verb="GetRecord" identifier="oai:riuma.uma.es:10630/37629" metadataPrefix="marc">https://riuma.uma.es/rest/oai/request</request><GetRecord><record><header><identifier>oai:riuma.uma.es:10630/37629</identifier><datestamp>2026-02-03T11:31:04Z</datestamp><setSpec>com_10630_2254</setSpec><setSpec>col_10630_37953</setSpec></header><metadata><record xmlns="http://www.loc.gov/MARC21/slim" xmlns:dcterms="http://purl.org/dc/terms/" xmlns:doc="http://www.lyncode.com/xoai" xmlns:xsi="http://www.w3.org/2001/XMLSchema-instance" xsi:schemaLocation="http://www.loc.gov/MARC21/slim http://www.loc.gov/standards/marcxml/schema/MARC21slim.xsd">
   <leader>00925njm 22002777a 4500</leader>
   <datafield ind2=" " ind1=" " tag="042">
      <subfield code="a">dc</subfield>
   </datafield>
   <datafield ind2=" " ind1=" " tag="720">
      <subfield code="a">Andreo-Navarro, Bartolomé</subfield>
      <subfield code="e">author</subfield>
   </datafield>
   <datafield ind2=" " ind1=" " tag="720">
      <subfield code="a">Gil-Márquez, José Manuel</subfield>
      <subfield code="e">author</subfield>
   </datafield>
   <datafield ind2=" " ind1=" " tag="720">
      <subfield code="a">Mudarra-Martínez, Matías</subfield>
      <subfield code="e">author</subfield>
   </datafield>
   <datafield ind2=" " ind1=" " tag="720">
      <subfield code="a">Linares, Luis</subfield>
      <subfield code="e">author</subfield>
   </datafield>
   <datafield ind2=" " ind1=" " tag="720">
      <subfield code="a">Carrasco-Cantos, Francisco</subfield>
      <subfield code="e">author</subfield>
   </datafield>
   <datafield ind2=" " ind1=" " tag="260">
      <subfield code="c">2016-05</subfield>
   </datafield>
   <datafield ind2=" " ind1=" " tag="520">
      <subfield code="a">The northern sector of the External Zone of the Betic Cordillera (S Spain) is formed by an olistostrome unit known as the Chaotic Subbetic Complexes (CSC). This megabreccia is basically made of clays and evaporite rocks (gypsum and salt) of Upper Triassic (Keuper) age as well as other lithologies (dolostones, limestones, marls and calcareous sandstones) belonging to different ages (Jurassic, Cretaceous and Tertiary). Despite of low permeability has been traditionally assumed for these materials, water flow and storage through them is possible due to the aquitard behavior of clays and sandstones and the presence of conduits generated by dissolution/karstification processes within the evaporite rocks. The lithological complexity of the CSCdetermines its hydrogeological heterogeneity, with groundwater flows of different length and various scales from recharge areas to discharge zones. Thus, wetlands and springs placed at lower altitudes are associated with large (regional) groundwater flows, of greater residence time within the aquifer, and they normally drain high salinity waters mostly connected with ascending flow. This work provides an overview of the main geological and hydrogeological aspects related to groundwater flow within the CSC on the basis of several case-studies. Conceptual models are proposed for these cases, since they are the base to carry out a genetic-functional classification of wetlands potentially useful for their management.</subfield>
   </datafield>
   <datafield ind1="8" ind2=" " tag="024">
      <subfield code="a">Andreo, B., Gil-Márquez, J.M., Mudarra, M., Linares, L. y Carrasco, F. (2016): Hypothesis on the hydrogeological context of wetland areas and springs related to evaporitic karst aquifers (Málaga, Córdoba and Jaén provinces, Southern Spain). Environmental Earth Sciences, 75(9):759. DOI: 10.1007/s12665-016-5545-1</subfield>
   </datafield>
   <datafield ind1="8" ind2=" " tag="024">
      <subfield code="a">https://hdl.handle.net/10630/37629</subfield>
   </datafield>
   <datafield ind1="8" ind2=" " tag="024">
      <subfield code="a">10.1007/s12665-016-5545-1</subfield>
   </datafield>
   <datafield tag="653" ind2=" " ind1=" ">
      <subfield code="a">Hidrogeología  - Andalucía</subfield>
   </datafield>
   <datafield ind2="0" ind1="0" tag="245">
      <subfield code="a">Hypothesis on the hydrogeological context of wetland areas and springs related to evaporitic karst aquifers (Malaga, Cordoba and Jaen provinces, Southern Spain)</subfield>
   </datafield>
</record>
</metadata></record></GetRecord></OAI-PMH>